[Event "FIDE World Rapid Team"]
[Site "London ENG"]
[Date "2025.06.11"]
[Round "3.5"]
[White "Bulmaga, Irina"]
[Black "Gong, Qianyun"]
[Result "1-0"]
[WhiteTitle "IM"]
[BlackTitle "WGM"]
[WhiteElo "2393"]
[BlackElo "2228"]
[WhiteTeam "Malcolm's Mates"]
[BlackTeam "Theme International Trading"]
[WhiteFideId "13903063"]
[BlackFideId "8602425"]
[EventDate "2025.06.11"]
[EventType "team"]

1. e4 e6 2. d4 d5 3. Nc3 Bb4 4. e5 c5 5. Bd2 Ne7 6. a3 Bxc3 7. Bxc3 cxd4 8. Qxd4
Nbc6 9. Qg4 Qc7 10. Nf3 Ng6 11. O-O-O O-O 12. Qg3 f5 13. exf6 Qxg3 14. f7+ Rxf7
15. hxg3 h6 16. Bd3 Nce7 17. Rhe1 Bd7 18. b3 Rc8 19. Bb2 Nf5 20. Rd2 Rcf8 21. a4
Nfe7 22. Ba3 Rd8 23. Rde2 Bc8 24. Nd4 Nf8 25. f4 Nc6 26. Nf3 a6 27. Kb1 b6 28.
c3 Rc7 29. Nd4 Nxd4 30. cxd4 Rc3 31. Re3 Rc7 32. Kb2 Kf7 33. g4 Ng6 34. g3 Nf8
35. g5 h5 36. Bxf8 Rxf8 37. g6+ Kf6 38. Rh1 Rh8 39. Rh4 Rh6 40. Re5 Bd7 41.
Rhxh5 Rxh5 42. Rxh5 Be8 43. Rg5 a5 44. Re5 Bd7 45. g4 Rc8 46. f5 Rf8 47. Bb5 Bc8
48. Bd3 Bd7 49. Kc3 Bc8 50. b4 Bd7 51. Kb3 axb4 52. Kxb4 Ra8 53. g5+ Ke7 54. Bb5
Bc8 55. Bc6 Ra5 56. Kb3 Kd6 57. f6 Ra7 58. Be8 Rc7 59. Bf7 1-0

[Event "FIDE World Rapid Team"]
[Site "London ENG"]
[Date "2025.06.11"]
[Round "3.6"]
[White "Zhang, Changjie"]
[Black "Soulier, Alfred"]
[Result "0-1"]
[WhiteElo "1808"]
[BlackElo "1911"]
[WhiteTeam "Theme International Trading"]
[BlackTeam "Malcolm's Mates"]
[WhiteFideId "5801877"]
[BlackFideId "486264"]
[EventDate "2025.06.11"]
[EventType "team"]

1. e4 c5 2. Nc3 e6 3. f4 Nc6 4. Nf3 Nge7 5. Bb5 d5 6. O-O d4 7. Ne2 a6 8. Bxc6+
Nxc6 9. d3 Be7 10. Qe1 b5 11. Qg3 g6 12. Bd2 Bb7 13. Rae1 Qc7 14. c3 dxc3 15.
Bxc3 Rg8 16. d4 b4 17. Bd2 cxd4 18. Nexd4 Nxd4 19. Nxd4 Bc5 20. Qf2 Rd8 21. Be3
Qb6 22. Nb3 Bxe3 23. Qxe3 Qxe3+ 24. Rxe3 Ke7 25. Nc5 Bc6 26. Rfe1 Bb5 27. a3
bxa3 28. Rxa3 Rd6 29. Rea1 Rd4 30. Nxa6 Bxa6 31. Rxa6 Rxe4 32. R6a4 Rxa4 33.
Rxa4 Rb8 34. b4 Kd6 35. Kf2 Kd5 36. Kg3 Rb7 37. Kg4 h6 38. h4 f5+ 39. Kf3 Rb6
40. g4 Kc4 41. gxf5 exf5 42. Ke3 Re6+ 43. Kf3 Kb5 44. Ra8 Kxb4 45. Rh8 h5 46.
Rc8 Kb5 47. Rc7 Rc6 48. Rg7 Kc5 49. Re7 Kd5 50. Re5+ Kd4 51. Re7 Rc3+ 52. Kf2
Rh3 53. Rg7 Rxh4 54. Kg3 Rg4+ 55. Kf3 h4 56. Rh7 Rg3+ 57. Kf2 Rh3 58. Kg2 Rg3+
59. Kf2 Rg4 60. Kf3 Kd5 61. Re7 Kd6 62. Re8 Kd7 63. Re1 h3 64. Rh1 Rh4 65. Kg3
Rh5 66. Rxh3 Rxh3+ 67. Kxh3 Ke6 68. Kg3 Kd5 69. Kh4 Ke4 0-1

[Event "FIDE World Rapid Team"]
[Site "London ENG"]
[Date "2025.06.11"]
[Round "3.1"]
[White "Amartuvshin, Ganzorig"]
[Black "Shirov, Alexei"]
[Result "1-0"]
[WhiteTitle "IM"]
[BlackTitle "GM"]
[WhiteElo "2430"]
[BlackElo "2620"]
[WhiteTeam "Mongolia-A"]
[BlackTeam "Global Ramblers"]
[WhiteFideId "4902548"]
[BlackFideId "2209390"]
[EventDate "2025.06.11"]
[EventType "team"]

1. d4 d5 2. c4 c6 3. Nc3 Nf6 4. e3 Nbd7 5. Nf3 e6 6. Qc2 Bd6 7. Bd3 O-O 8. O-O
dxc4 9. Bxc4 b5 10. Be2 Bb7 11. e4 e5 12. dxe5 Nxe5 13. Nh4 g6 14. f4 Neg4 15.
g3 Qb6+ 16. Kg2 Bb4 17. Bf3 Bxc3 18. bxc3 Ne3+ 19. Bxe3 Qxe3 20. Rae1 Qc5 21.
Qb2 Rfd8 22. Rd1 Qc4 23. Qb3 Qxb3 24. axb3 a5 25. c4 a4 26. bxa4 bxc4 27. Rb1
Rd7 28. Rfc1 Rxa4 29. Rc2 Ba6 30. Rb6 Bb5 31. f5 c3 32. e5 Nd5 33. Rb8+ Kg7 34.
e6 fxe6 35. fxe6 Re7 36. Bxd5 cxd5 37. Rxb5 d4 38. Rd5 Rxe6 39. Nf3 Re4 40. Rf2
Rc4 41. Rd7+ Kh6 42. h4 Rc5 43. Rc2 Kh5 1-0

[Event "FIDE World Rapid Team"]
[Site "London ENG"]
[Date "2025.06.11"]
[Round "3.2"]
[White "Dudin, Gleb"]
[Black "Munkhdalai, Amilal"]
[Result "0-1"]
[WhiteTitle "GM"]
[BlackTitle "IM"]
[WhiteElo "2574"]
[BlackElo "2385"]
[WhiteTeam "Global Ramblers"]
[BlackTeam "Mongolia-A"]
[WhiteFideId "34184934"]
[BlackFideId "4903250"]
[EventDate "2025.06.11"]
[EventType "team"]

1. c4 Nf6 2. Nc3 c5 3. Nf3 b6 4. d4 cxd4 5. Nxd4 Bb7 6. f3 d6 7. e4 e6 8. Be3
Be7 9. Be2 O-O 10. O-O a6 11. Qd2 Nbd7 12. a4 Qc7 13. Rfc1 Rac8 14. a5 bxa5 15.
Nb3 Qb8 16. Nxa5 Ba8 17. b4 d5 18. c5 dxe4 19. f4 Rc7 20. Rab1 Rd8 21. Qe1 Nd5
22. Nxd5 exd5 23. Bxa6 Nf8 24. Nb3 Bf6 25. Nd4 Ne6 26. Qd2 Ra7 27. b5 Re8 28. c6
Nxd4 29. Bxd4 Bxd4+ 30. Qxd4 e3 31. Re1 e2 32. Qf2 h6 33. Rbc1 Rae7 34. b6 Bxc6
35. Rxc6 Re4 36. b7 Rxf4 37. Rc8 Rxf2 38. Rxb8 Rf1+ 39. Rxf1 exf1=Q+ 40. Kxf1
Rxb8 41. Ke2 Kf8 42. Ke3 Ke7 43. Kd4 Kd6 44. h4 g6 45. g3 f5 46. Ke3 Ke5 47. Kd3
g5 48. hxg5 hxg5 49. Kc3 f4 50. gxf4+ Kxf4 51. Kd4 g4 52. Kxd5 g3 53. Kd6 g2 54.
Kc7 Rxb7+ 0-1

[Event "FIDE World Rapid Team"]
[Site "London ENG"]
[Date "2025.06.11"]
[Round "3.3"]
[White "Munkhzul, Turmunkh"]
[Black "Shabalov, Alexander"]
[Result "1/2-1/2"]
[WhiteTitle "WGM"]
[BlackTitle "GM"]
[WhiteElo "2236"]
[BlackElo "2483"]
[WhiteTeam "Mongolia-A"]
[BlackTeam "Global Ramblers"]
[WhiteFideId "4901878"]
[BlackFideId "2008572"]
[EventDate "2025.06.11"]
[EventType "team"]

1. e4 c5 2. Nf3 Nc6 3. d4 cxd4 4. Nxd4 Nf6 5. Nc3 h5 6. Be2 e6 7. Ndb5 d6 8. Bf4
e5 9. Bg5 a6 10. Na3 b5 11. Nd5 Be7 12. Nxe7 Nxe7 13. Bxf6 gxf6 14. Bxh5 f5 15.
exf5 Bxf5 16. Bg4 Bg6 17. c3 f5 18. Be2 d5 19. Nc2 Rb8 20. Qd2 a5 21. f4 Nc6 22.
O-O-O b4 23. Qxd5 Qxd5 24. Rxd5 bxc3 25. bxc3 Ke7 26. fxe5 Bf7 27. Rb5 Bxa2 28.
Nd4 Nxd4 29. cxd4 Rxb5 30. Bxb5 Bd5 31. Kd2 Bxg2 32. Ra1 f4 33. Rxa5 Rxh2 34.
Ra7+ Ke6 35. Ke1 Kd5 36. Ra2 Rh1+ 37. Kf2 Be4 38. Re2 Rh2+ 39. Ke1 Rxe2+ 40.
Kxe2 Kxd4 41. e6 Ke5 42. e7 Bg6 43. e8=Q+ 1/2-1/2

[Event "FIDE World Rapid Team"]
[Site "London ENG"]
[Date "2025.06.11"]
[Round "3.4"]
[White "Reprintsev, Alexander"]
[Black "Gan-Od, Sereenen"]
[Result "1/2-1/2"]
[WhiteTitle "IM"]
[BlackTitle "FM"]
[WhiteElo "2256"]
[BlackElo "2320"]
[WhiteTeam "Global Ramblers"]
[BlackTeam "Mongolia-A"]
[WhiteFideId "14100541"]
[BlackFideId "4901304"]
[EventDate "2025.06.11"]
[EventType "team"]

1. e4 c6 2. Nf3 d5 3. e5 c5 4. Be2 Nc6 5. O-O Bg4 6. Re1 e6 7. c4 d4 8. Nxd4
Qxd4 9. Bxg4 Nxe5 10. Qa4+ Qd7 11. Bd1 Bd6 12. Nc3 Nf6 13. Qxd7+ Kxd7 14. Be2
Ke7 15. b3 Rad8 16. Ba3 b6 17. Nb5 a6 18. Nxd6 Rxd6 19. b4 Rc8 20. bxc5 bxc5 21.
Red1 Nd3 22. Rab1 Rc7 23. Rb3 Nf4 24. Bf1 e5 25. Re3 Ng6 26. d4 Kd8 27. d5 Rb6
28. g3 Ne8 29. h4 f6 30. h5 Ne7 31. Bd3 Nd6 32. Bxh7 Nxc4 33. d6 Nxd6 34. Red3
Kd7 35. f4 Ke6 36. fxe5 fxe5 37. g4 Nb5 38. Bc1 c4 39. Re3 Rd6 40. Rde1 Rd5 41.
Be4 Rd4 42. Bf3 Rc5 43. a4 Nd6 44. Bb2 Rd3 45. Rxe5+ Rxe5 46. Rxe5+ Kd7 47. Be2
Rd2 48. Bc1 Ra2 49. Bf4 c3 50. Bxa6 Rxa4 51. Bg5 Nc6 52. Bb5 Rxg4+ 53. Kf1 Nxb5
54. Rxb5 Ke6 55. h6 gxh6 56. Bxh6 Nd4 57. Rc5 c2 58. Be3 Rh4 59. Bxd4 Rxd4 60.
Rxc2 1/2-1/2

[Event "FIDE World Rapid Team"]
[Site "London ENG"]
[Date "2025.06.11"]
[Round "3.5"]
[White "Uuriintuya, Uurtsaikh"]
[Black "Zatonskih, Anna"]
[Result "1-0"]
[WhiteTitle "WGM"]
[BlackTitle "IM"]
[WhiteElo "2141"]
[BlackElo "2306"]
[WhiteTeam "Mongolia-A"]
[BlackTeam "Global Ramblers"]
[WhiteFideId "4900227"]
[BlackFideId "14101572"]
[EventDate "2025.06.11"]
[EventType "team"]

1. e4 e6 2. d4 d5 3. Nd2 c5 4. exd5 exd5 5. Bb5+ Nc6 6. Ngf3 Qe7+ 7. Be2 Qc7 8.
O-O Nf6 9. Re1 cxd4 10. Nxd4 Nxd4 11. Bb5+ Kd8 12. Ne4 dxe4 13. Qxd4+ Bd6 14.
Bh6 Ne8 15. Bxg7 Rg8 16. Rad1 Be6 17. Bf6+ Nxf6 18. Qxf6+ Kc8 19. Rxe4 a6 20.
Rxe6 Bxh2+ 21. Kh1 axb5 22. Re7 Qxc2 23. Kxh2 Qxd1 24. Qc3+ Kd8 25. Qc7# 1-0

[Event "FIDE World Rapid Team"]
[Site "London ENG"]
[Date "2025.06.11"]
[Round "3.6"]
[White "Volkov, Leonid"]
[Black "Han, Qixuan"]
[Result "1-0"]
[WhiteElo "1828"]
[BlackElo "1896"]
[WhiteTeam "Global Ramblers"]
[BlackTeam "Mongolia-A"]
[WhiteFideId "12848140"]
[BlackFideId "496944"]
[EventDate "2025.06.11"]
[EventType "team"]

1. e4 c5 2. Nf3 d6 3. d4 cxd4 4. Nxd4 Nf6 5. Nc3 g6 6. f3 Nc6 7. Be3 h5 8. Bc4
Bd7 9. Nxc6 bxc6 10. Qd2 Bg7 11. h3 h4 12. O-O-O Nh5 13. Kb1 Ng3 14. Rhe1 Qa5
15. Bd4 Bh6 16. f4 O-O 17. Bf2 Rab8 18. Bxg3 hxg3 19. Qe3 Rb4 20. Bb3 Be6 21.
Qxg3 Bxb3 22. axb3 c5 23. Nd5 Rb7 24. Qh4 e6 25. Qxh6 exd5 26. f5 c4 27. f6 1-0

[Event "FIDE World Rapid Team"]
[Site "London ENG"]
[Date "2025.06.11"]
[Round "3.1"]
[White "Keymer, Vincent"]
[Black "Momunaliev, Ruslan"]
[Result "1-0"]
[WhiteTitle "GM"]
[BlackTitle "CM"]
[WhiteElo "2730"]
[BlackElo "2214"]
[WhiteTeam "Germany and Friends"]
[BlackTeam "Youth KG"]
[WhiteFideId "12940690"]
[BlackFideId "13812211"]
[EventDate "2025.06.11"]
[EventType "team"]

1. Nf3 d5 2. b3 Nf6 3. Bb2 c6 4. g3 Bf5 5. Bg2 h6 6. d3 e6 7. Nbd2 Nbd7 8. O-O
Qc7 9. Qe1 e5 10. e4 dxe4 11. dxe4 Be6 12. Nh4 Bc5 13. Kh1 O-O-O 14. Qe2 Kb8 15.
a3 Nb6 16. Nhf3 Bd6 17. a4 a5 18. Bc3 Nbd7 19. Nc4 Bb4 20. Bb2 Rhe8 21. Ncxe5
Bg4 22. Nxg4 Nxg4 23. Nd4 Ngf6 24. f3 h5 25. Rad1 h4 26. Qf2 hxg3 27. Qxg3 Qxg3
28. hxg3 Bc5 29. Bh3 g5 30. Nf5 g4 31. Bxg4 Nxg4 32. fxg4 Kc7 33. Rf4 Re6 34.
Kg2 Rg8 35. Rh1 f6 36. Rh7 Kc8 37. Bc3 Ne5 38. Bxa5 Nxg4 39. Rxg4 Rxg4 40. Rh8+ 1-0

[Event "FIDE World Rapid Team"]
[Site "London ENG"]
[Date "2025.06.11"]
[Round "3.2"]
[White "Kurbanbaev, Zalkar"]
[Black "Bluebaum, Matthias"]
[Result "0-1"]
[BlackTitle "GM"]
[WhiteElo "2119"]
[BlackElo "2663"]
[WhiteTeam "Youth KG"]
[BlackTeam "Germany and Friends"]
[WhiteFideId "13808524"]
[BlackFideId "24651516"]
[EventDate "2025.06.11"]
[EventType "team"]

1. e4 e6 2. d4 d5 3. Nd2 c5 4. exd5 Qxd5 5. Ngf3 cxd4 6. Bc4 Qd6 7. O-O Nf6 8.
Nb3 Nc6 9. Nbxd4 Nxd4 10. Nxd4 Be7 11. c3 O-O 12. Qf3 e5 13. Nf5 Bxf5 14. Qxf5
Qc7 15. Bb3 a5 16. Be3 a4 17. Bc2 g6 18. Qf3 Kg7 19. Rad1 Ra6 20. Qh3 h5 21. Bc1
Bc5 22. Qh4 a3 23. b3 Re6 24. h3 Be7 25. Qg3 b5 26. b4 Rc6 27. Qe3 Rh8 28. Qe2
Rxc3 29. Bb3 Bxb4 30. Qxb5 Be7 31. Bg5 Rb8 32. Qa4 Rc6 33. Rc1 Bc5 34. Rc2 Rc8
35. Rfc1 Qb6 36. Kf1 R6c7 37. Qh4 Nh7 38. Bd8 Qa6+ 39. Bc4 Qa4 40. Bxc7 Rxc7 41.
Bb3 Qxh4 0-1

[Event "FIDE World Rapid Team"]
[Site "London ENG"]
[Date "2025.06.11"]
[Round "3.4"]
[White "Muradylov, Baiel"]
[Black "Kollars, Dmitrij"]
[Result "0-1"]
[BlackTitle "GM"]
[WhiteElo "1864"]
[BlackElo "2633"]
[WhiteTeam "Youth KG"]
[BlackTeam "Germany and Friends"]
[WhiteFideId "13821580"]
[BlackFideId "12909572"]
[EventDate "2025.06.11"]
[EventType "team"]

1. d4 Nf6 2. Nf3 d5 3. Bf4 c5 4. e3 Nc6 5. c3 Qb6 6. Qc1 Bf5 7. dxc5 Qxc5 8.
Nbd2 e6 9. Be2 Be7 10. O-O O-O 11. c4 Rac8 12. cxd5 Qxd5 13. Bc4 Qa5 14. Nb3 Qb4
15. a3 Qb6 16. Qd1 Ne4 17. Qe2 Nd6 18. Bxd6 Bxd6 19. Rfd1 Bb8 20. Rac1 Bg4 21.
Nbd4 Nxd4 22. exd4 Rfd8 23. Qe4 Bf5 24. Qe2 Qd6 25. g3 h6 26. Ne5 Qb6 27. Nf3 a6
28. b3 Ba7 29. Rd2 Qd6 30. Rcd1 b5 31. Bd3 Bxd3 32. Rxd3 Qxa3 33. Ne5 Qe7 34.
Qe4 Rd5 35. Nf3 Qf6 36. R3d2 a5 37. Kg2 Qf5 38. Qxf5 Rxf5 39. Ra2 Bb6 40. Ne5
Rc7 41. f4 f6 42. Ng4 Rd5 43. Re2 Kf7 44. Red2 Rc3 45. Nf2 Rxb3 46. Ne4 0-1

[Event "FIDE World Rapid Team"]
[Site "London ENG"]
[Date "2025.06.11"]
[Round "3.5"]
[White "Bashylina, Luisa"]
[Black "Keneshbekov, Elim"]
[Result "0-1"]
[WhiteTitle "WFM"]
[BlackTitle "CM"]
[WhiteElo "2120"]
[BlackElo "1883"]
[WhiteTeam "Germany and Friends"]
[BlackTeam "Youth KG"]
[WhiteFideId "12983292"]
[BlackFideId "13816772"]
[EventDate "2025.06.11"]
[EventType "team"]

1. d4 Nf6 2. c4 g6 3. Nc3 Bg7 4. e4 d6 5. Be2 O-O 6. Be3 e5 7. d5 Na6 8. g4 Nd7
9. h4 f5 10. gxf5 gxf5 11. exf5 Ndc5 12. Nf3 Bxf5 13. a3 Ne4 14. Nxe4 Bxe4 15.
h5 Nc5 16. Rg1 Kh8 17. Ng5 Bf5 18. b4 Ne4 19. Qb3 a5 20. b5 a4 21. Qb2 Nc5 22.
Bxc5 dxc5 23. O-O-O Qf6 24. Bd3 Bh6 25. f4 Bxd3 26. Rxd3 Qxf4+ 27. Qd2 Qxd2+ 28.
Rxd2 Rf5 29. Ne6 Rf2 30. Rd1 Rxd2 31. Rxd2 Rg8 32. Nxc5 Rg2 33. Ne4 Bxd2+ 34.
Nxd2 Kg7 35. c5 Rg3 36. Kb2 Rd3 37. Ne4 Rxd5 38. Kc3 b6 39. c6 Rxb5 40. Kc4 Ra5
41. Kb4 Kh6 42. Nf6 Rc5 43. Kxa4 Rxc6 44. Ng4+ Kxh5 45. Nxe5 Re6 46. Nd3 Kg4 47.
Nf2+ Kf5 48. Kb5 h5 49. a4 h4 50. a5 bxa5 51. Ka4 Re2 52. Nh3 Kg4 53. Ng1 Re1 0-1

[Event "FIDE World Rapid Team"]
[Site "London ENG"]
[Date "2025.06.11"]
[Round "3.6"]
[White "Sezdbekova, Aizhan"]
[Black "Lobkin, Bohdan"]
[Result "1-0"]
[WhiteTitle "WCM"]
[WhiteElo "1884"]
[BlackElo "1900"]
[WhiteTeam "Youth KG"]
[BlackTeam "Germany and Friends"]
[WhiteFideId "13803590"]
[BlackFideId "34115552"]
[EventDate "2025.06.11"]
[EventType "team"]

1. e4 d5 2. exd5 Qxd5 3. Nc3 Qe5+ 4. Be2 Bg4 5. d4 Bxe2 6. Ngxe2 Qa5 7. O-O Nf6
8. a3 e6 9. Bf4 c6 10. b4 Qd8 11. Ng3 Be7 12. Nce4 O-O 13. Qd3 a5 14. c3 Nbd7
15. b5 c5 16. Rfd1 Qb6 17. a4 Rfd8 18. Nd2 e5 19. Nc4 Qe6 20. Bxe5 cxd4 21. Bxd4
Nc5 22. Qe2 Nb3 23. Ra2 Rac8 24. Ne3 Rxd4 25. cxd4 Nc1 26. Rxc1 Rxc1+ 27. Ngf1
Bb4 28. Rc2 Ra1 29. Rc7 b6 30. Qc2 g6 31. Rc6 Qe7 32. Rxb6 Ng4 33. Qc8+ Kg7 34.
Qxg4 Qd8 35. Rc6 h5 36. Qg3 Kh7 37. Qc7 Qe8 38. Rf6 Kg7 39. Rc6 Kh6 40. b6 Bd2
41. Qf4+ Kh7 42. Rc7 Kg7 43. b7 Rb1 44. Qe5+ Qxe5 45. dxe5 1-0

[Event "FIDE World Rapid Team"]
[Site "London ENG"]
[Date "2025.06.11"]
[Round "3.1"]
[White "Gan-Erdene, Sugar"]
[Black "Mamedyarov, Shakhriyar"]
[Result "1/2-1/2"]
[WhiteTitle "IM"]
[BlackTitle "GM"]
[WhiteElo "2454"]
[BlackElo "2746"]
[WhiteTeam "Mongolia-B"]
[BlackTeam "Generation XYZA"]
[WhiteFideId "4902980"]
[BlackFideId "13401319"]
[EventDate "2025.06.11"]
[EventType "team"]

1. e4 e5 2. Nf3 Nc6 3. Bb5 a6 4. Ba4 Nf6 5. O-O Nxe4 6. d4 b5 7. Bb3 d5 8. dxe5
Be6 9. c3 Be7 10. Nbd2 Qd7 11. Bc2 Nxd2 12. Bxd2 Rd8 13. Nd4 O-O 14. f4 f5 15.
Nxe6 Qxe6 16. Be3 Kh8 17. Kh1 d4 18. cxd4 Nxd4 19. Bxd4 c5 20. Bb3 Qh6 21. Qf3
Rxd4 22. Rad1 Rxd1 23. Rxd1 c4 24. Bc2 Qb6 25. h3 Bc5 26. b3 g6 27. bxc4 bxc4
28. Qd5 Be7 29. Qxc4 Rd8 30. Rxd8+ Qxd8 31. Kh2 Kg7 32. Bb3 Kh6 33. Qc3 a5 34.
g4 Bb4 35. g5+ Kg7 36. Qe3 Qd2+ 37. Qxd2 Bxd2 38. Kg3 Kf8 39. Kf3 Be1 40. Ke3
Bg3 41. Kf3 Be1 42. Ke3 1/2-1/2

[Event "FIDE World Rapid Team"]
[Site "London ENG"]
[Date "2025.06.11"]
[Round "3.2"]
[White "Gurel, Ediz"]
[Black "Bilguun, Sumiya"]
[Result "1-0"]
[WhiteTitle "GM"]
[BlackTitle "GM"]
[WhiteElo "2636"]
[BlackElo "2451"]
[WhiteTeam "Generation XYZA"]
[BlackTeam "Mongolia-B"]
[WhiteFideId "44507356"]
[BlackFideId "4901541"]
[EventDate "2025.06.11"]
[EventType "team"]

1. Nf3 c5 2. b3 Nc6 3. Bb2 d6 4. d4 cxd4 5. Nxd4 Nf6 6. e3 g6 7. Be2 Bg7 8. O-O
O-O 9. c4 Bd7 10. Nd2 Rc8 11. Nxc6 Bxc6 12. Bf3 d5 13. Rc1 dxc4 14. Nxc4 Qxd1
15. Rfxd1 Bxf3 16. gxf3 Rfd8 17. Rxd8+ Rxd8 18. Na5 h5 19. Bd4 b6 20. Nc6 Rd7
21. Ne5 Rd8 22. Rc7 Nd5 23. Rxa7 Bxe5 24. Bxe5 f6 25. Bg3 Kf7 26. Rb7 g5 27. h4
gxh4 28. Bxh4 Rd6 29. Bg3 Rc6 30. a4 Nb4 31. e4 Nd3 32. Rc7 Re6 33. Rc3 Nb4 34.
Bf4 b5 35. Bc7 bxa4 36. bxa4 Ra6 37. a5 Nc6 38. Kg2 Ke6 39. Rc5 Kd7 40. Bb6 e5
41. Rd5+ Ke6 42. Bc7 Ne7 43. Rb5 Kd7 44. Bb6 Ng6 45. Rd5+ Ke6 46. Rd8 Nf4+ 47.
Kg3 Ke7 48. Rh8 Kd7 49. Rh7+ Kc6 50. Rf7 Ra8 51. Rxf6+ Kb7 52. Be3 Ne2+ 53. Kh4
Rxa5 54. Kxh5 Kc8 55. Rd6 Kc7 56. Rd2 Ng1 57. Rd1 Ne2 58. Re1 Ra2 59. Kg4 Kd6
60. Rh1 Ra8 61. Rh6+ Kd7 62. Kf5 Ng1 63. Kxe5 Nxf3+ 64. Kd5 Re8 65. Bf4 Rf8 66.
Bg3 Ng5 67. f4 Nf7 68. Ra6 Rb8 69. Bf2 Rb2 70. Bd4 Rd2 71. Ra7+ Ke8 72. f5 Ng5
73. Ra8+ Ke7 74. e5 Nf3 75. f6+ Kf7 76. e6+ Kg6 77. f7 Nxd4 78. f8=Q Nf5+ 79.
Ke4 Re2+ 80. Kd5 Rd2+ 81. Kc4 Nd6+ 82. Kb3 1-0

[Event "FIDE World Rapid Team"]
[Site "London ENG"]
[Date "2025.06.11"]
[Round "3.3"]
[White "Batkhuyag, Munguntuul"]
[Black "Erdogmus, Yagiz Kaan"]
[Result "0-1"]
[WhiteTitle "IM"]
[BlackTitle "GM"]
[WhiteElo "2356"]
[BlackElo "2626"]
[WhiteTeam "Mongolia-B"]
[BlackTeam "Generation XYZA"]
[WhiteFideId "4900758"]
[BlackFideId "44599790"]
[EventDate "2025.06.11"]
[EventType "team"]

1. e4 Nc6 2. Nf3 d5 3. exd5 Qxd5 4. d4 Bg4 5. Be2 O-O-O 6. Be3 Nf6 7. Nbd2 e6 8.
O-O Bd6 9. h3 h5 10. a3 g5 11. b4 Bxf3 12. Nxf3 Bf4 13. c4 Qd6 14. b5 Ne7 15.
Qa4 Kb8 16. Ne5 Nf5 17. Nxf7 Qe7 18. Nxd8 Rxd8 19. Qb3 Bxe3 20. fxe3 Ne4 21.
Rad1 Nfg3 22. Rfe1 g4 23. Bd3 gxh3 24. Bxe4 h2+ 25. Kxh2 Qh4+ 26. Kg1 Rf8 27.
Bf3 Rxf3 0-1

[Event "FIDE World Rapid Team"]
[Site "London ENG"]
[Date "2025.06.11"]
[Round "3.4"]
[White "Salimova, Nurgyul"]
[Black "Mungunzul, Bat-Erdene"]
[Result "0-1"]
[WhiteTitle "IM"]
[BlackTitle "WCM"]
[WhiteElo "2385"]
[BlackElo "2337"]
[WhiteTeam "Generation XYZA"]
[BlackTeam "Mongolia-B"]
[WhiteFideId "2915138"]
[BlackFideId "4902831"]
[EventDate "2025.06.11"]
[EventType "team"]

1. d4 d5 2. Nf3 Nf6 3. Bf4 c5 4. e3 Nc6 5. Nbd2 cxd4 6. exd4 Bf5 7. c3 e6 8. Be2
Bd6 9. Bg3 O-O 10. O-O Bxg3 11. hxg3 h6 12. a4 Qc7 13. Re1 Rab8 14. Nf1 a6 15.
Ne3 Bh7 16. g4 Ne4 17. g3 b5 18. axb5 axb5 19. Rc1 Qa7 20. Kg2 b4 21. c4 dxc4
22. Rxc4 Na5 23. Qa4 Qb6 24. Rcc1 Ra8 25. g5 hxg5 26. Rh1 Qb7 27. Qb5 Qxb5 28.
Bxb5 Nb3 29. Rcd1 Rfc8 30. d5 Nbc5 31. dxe6 fxe6 32. Bc4 Rd8 33. Nd4 Rd6 34. f3
Nf6 35. Rhe1 Kf7 36. Ndf5 Rxd1 37. Rxd1 Nfd7 38. Nd4 Nb6 39. Bb5 Rd8 40. Ne2
Rxd1 41. Nxd1 Nd5 42. Kf2 Kf6 43. Ne3 Bd3 44. Nxd5+ exd5 45. Bxd3 Nxd3+ 46. Ke3
Nxb2 47. Kd4 Ke6 48. f4 g4 49. Kc5 Nd3+ 50. Kc6 Nf2 51. Nd4+ Kf6 52. Kxd5 Nh1
53. Kc4 Nxg3 54. Kxb4 Nh5 55. Kc3 Nxf4 56. Kd2 Ke5 57. Nc2 Ke4 58. Ke1 g3 59.
Kf1 Kf3 60. Nd4+ Kg4 61. Kg1 Kh3 62. Nf3 g6 63. Ng5+ Kg4 64. Ne4 Kf3 65. Ng5+
Ke3 66. Nf7 Ke4 67. Ng5+ Kf5 68. Nf3 g5 69. Nd2 Nd5 70. Kg2 Kg4 71. Ne4 Ne3+ 72.
Kg1 Kf4 73. Nd2 Nf5 74. Nc4 Nh4 75. Nb2 g2 76. Kf2 Kg4 77. Nc4 Kh3 78. Ne3 Kh2
79. Ng4+ Kh1 0-1

[Event "FIDE World Rapid Team"]
[Site "London ENG"]
[Date "2025.06.11"]
[Round "3.5"]
[White "Sodbilegt, Naranbold"]
[Black "Kuru, Atilla"]
[Result "0-1"]
[WhiteTitle "FM"]
[BlackTitle "IM"]
[WhiteElo "2363"]
[BlackElo "2428"]
[WhiteTeam "Mongolia-B"]
[BlackTeam "Generation XYZA"]
[WhiteFideId "4903528"]
[BlackFideId "51607948"]
[EventDate "2025.06.11"]
[EventType "team"]

1. e4 d6 2. d4 Nf6 3. Nc3 e5 4. Nf3 Nbd7 5. Bc4 Be7 6. O-O O-O 7. a4 c6 8. h3 h6
9. Ba2 Re8 10. Be3 Bf8 11. Re1 Qa5 12. Nh4 Nb6 13. Ng6 Be6 14. Bxe6 Rxe6 15.
Nxf8 Rxf8 16. d5 cxd5 17. Nb5 Nxe4 18. f3 Ng3 19. Bd2 Qa6 20. Nc7 Qc4 21. Nxe6
fxe6 22. b3 Qh4 23. a5 Nd7 24. Be3 a6 25. Bf2 Qg5 26. Ra4 e4 27. Bxg3 Qxg3 28.
Rf1 Nc5 29. Rd4 Rf5 30. b4 Na4 31. Qe1 Qe5 32. c3 exf3 33. Qxe5 dxe5 34. Rd3 e4
35. Re3 Rg5 36. Rf2 Rxg2+ 37. Rxg2 fxg2 38. c4 Kf7 39. cxd5 exd5 40. b5 Ke6 41.
bxa6 bxa6 42. Rb3 d4 43. Rb4 Nc3 44. Kxg2 d3 45. Rd4 Ke5 46. Rd8 Kf4 47. Kf2 e3+
48. Kf1 d2 0-1

[Event "FIDE World Rapid Team"]
[Site "London ENG"]
[Date "2025.06.11"]
[Round "3.6"]
[White "Yontar, Sabrican Onay"]
[Black "Enkhbayar, Genden"]
[Result "0-1"]
[WhiteElo "1941"]
[BlackElo "1837"]
[WhiteTeam "Generation XYZA"]
[BlackTeam "Mongolia-B"]
[WhiteFideId "6373623"]
[BlackFideId "4928415"]
[EventDate "2025.06.11"]
[EventType "team"]

1. e4 e5 2. Nf3 Nc6 3. Bc4 Bc5 4. c3 d6 5. d4 exd4 6. cxd4 Bb4+ 7. Bd2 Bxd2+ 8.
Nbxd2 Nf6 9. O-O O-O 10. h3 d5 11. exd5 Nxd5 12. Ne4 Bf5 13. Ng3 Bg6 14. Ne5 Nf4
15. Nxc6 bxc6 16. Rc1 Qf6 17. Qf3 Nxh3+ 18. Kh2 Qxf3 19. gxf3 Nf4 20. Ne4 Rab8
21. Bb3 Rb6 22. Nc5 Rd8 23. Na4 Rb5 24. Bc4 Rh5+ 25. Kg3 Rxd4 26. Rfd1 Rg5+ 27.
Kh2 Nd3 28. f4 Rxf4 29. Rxd3 Bxd3 0-1